[Event "27. Int. Liechtenstein - OPEN "]
[Site "Triesen"]
[Date "2009.05.18"]
[Round "4.5"]
[White "Kohlweyer, Bernd"]
[Black "Bezler, Rainer"]
[Result "1-0"]
[WhiteElo "2435"]
[BlackElo "2281"]
[PlyCount "87"]
[EventDate "2009.05.15"]

1. d4 d5 2. c4 c6 3. Nf3 Nf6 4. e3 Bf5 5. Nc3 e6 6. Nh4 Bg6 7. Be2 Nbd7 8. O-O
Bd6 9. g3 O-O 10. Nxg6 hxg6 11. Qb3 Qb6 12. Qc2 dxc4 13. Bxc4 c5 14. dxc5 Qxc5
15. Be2 Nd5 16. Bd2 Be5 17. Rac1 Nxc3 18. Bxc3 Rfc8 19. Qb3 Qb6 20. Qxb6 axb6
21. Bxe5 Nxe5 22. a3 Rc5 23. Rxc5 bxc5 24. Rd1 Nc6 25. Rd7 Rb8 26. Rc7 g5 27.
f4 gxf4 28. gxf4 Rd8 29. Rxb7 Rd2 30. Kf1 c4 31. Bxc4 Rxh2 32. b4 g6 33. Bb5
Rc2 34. Bxc6 Rxc6 35. a4 Rc2 36. a5 Ra2 37. Rb6 Kh7 38. a6 Kh6 39. b5 Kh5 40.
Rb7 f6 41. a7 Kg4 42. b6 Kf3 43. Ke1 Kxe3 44. Kd1 1-0

[Event "27. Int. Liechtenstein - OPEN "]
[Site "Triesen"]
[Date "2009.05.18"]
[Round "4.7"]
[White "Foisor, Ovidiu-Doru"]
[Black "Peredy, Ferenc"]
[Result "1/2-1/2"]
[WhiteElo "2408"]
[BlackElo "2234"]
[PlyCount "22"]
[EventDate "2009.05.15"]

1. d4 Nf6 2. c4 e6 3. Nc3 d5 4. Nf3 dxc4 5. Qa4+ c6 6. Qxc4 b5 7. Qb3 a6 8. Bg5
Be7 9. e4 h6 10. Bh4 g5 11. Bg3 g4 1/2-1/2

[Event "27. Int. Liechtenstein - OPEN "]
[Site "Triesen"]
[Date "2009.05.18"]
[Round "4.8"]
[White "Poettinger, Harald"]
[Black "Hirneise, Tobias"]
[Result "1-0"]
[WhiteElo "2207"]
[BlackElo "2407"]
[PlyCount "53"]
[EventDate "2009.05.15"]

1. d4 Nf6 2. c4 g6 3. Nc3 Bg7 4. e4 d6 5. Be2 O-O 6. f4 c5 7. Nf3 cxd4 8. Nxd4
Nc6 9. Be3 e5 10. Nxc6 bxc6 11. fxe5 dxe5 12. O-O Qc7 13. Qe1 Be6 14. Qh4 Nd7
15. b3 Qa5 16. Na4 Rfe8 17. Rad1 Bf8 18. Bg4 Qc7 19. Rxf7 Bxf7 20. Rxd7 Qa5 21.
Bd2 Bc5+ 22. Kh1 Be7 23. Qxe7 Rxe7 24. Bxa5 Ree8 25. Nc5 h5 26. Bh3 Rab8 27.
Kg1 1-0

[Event "27. Int. Liechtenstein - OPEN "]
[Site "Triesen"]
[Date "2009.05.18"]
[Round "4.9"]
[White "Brestian, Egon"]
[Black "Neuberger, Guido"]
[Result "1-0"]
[WhiteElo "2392"]
[BlackElo "2165"]
[PlyCount "57"]
[EventDate "2009.05.15"]

1. e4 e5 2. Nf3 d6 3. d4 Nd7 4. Nc3 c6 5. a4 Qc7 6. Bc4 h6 7. O-O Ngf6 8. Ba2
Be7 9. Nh4 exd4 10. Qxd4 Nf8 11. Qd3 Ng4 12. Qg3 g5 13. Nf5 Bxf5 14. exf5 Nf6
15. Re1 Rh7 16. Be3 b6 17. Bd4 O-O-O 18. Re3 Ne8 19. Nd5 cxd5 20. Rc3 Nd7 21.
Rxc7+ Nxc7 22. Qc3 Kb8 23. f6 Bf8 24. a5 Rc8 25. axb6 axb6 26. Qc6 Ne6 27. Qxd7
Nxd4 28. Bxd5 Ne2+ 29. Kf1 1-0

[Event "27. Int. Liechtenstein - OPEN "]
[Site "Triesen"]
[Date "2009.05.18"]
[Round "4.11"]
[White "Tiemann, Christoph"]
[Black "Csiba, Dominik"]
[Result "1-0"]
[WhiteElo "2083"]
[BlackElo "2377"]
[PlyCount "33"]
[EventDate "2009.05.15"]

1. Nf3 Nf6 2. c4 g6 3. Nc3 Bg7 4. e4 d6 5. d4 O-O 6. Be2 e5 7. Be3 Ng4 8. Bg5
f6 9. Bc1 exd4 10. Nxd4 f5 11. h3 Qf6 12. hxg4 Qxd4 13. Qxd4 Bxd4 14. Nb5 Bb6
15. c5 dxc5 16. Bc4+ Kh8 17. b4 1-0

[Event "27. Int. Liechtenstein - OPEN "]
[Site "Triesen"]
[Date "2009.05.18"]
[Round "4.12"]
[White "Guller, Andras"]
[Black "Pribyl, Josef"]
[Result "0-1"]
[WhiteElo "2080"]
[BlackElo "2346"]
[PlyCount "136"]
[EventDate "2009.05.15"]

1. d4 Nf6 2. Nf3 g6 3. g3 d5 4. Bg2 Bg7 5. O-O O-O 6. c4 dxc4 7. Na3 Nc6 8.
Nxc4 Be6 9. b3 a5 10. Bb2 Bd5 11. e3 a4 12. Qe2 Ra6 13. Ncd2 Ne4 14. Nxe4 Bxe4
15. Ne1 Bxg2 16. Nxg2 axb3 17. axb3 Rb6 18. Qd1 Qd5 19. Ra3 Rd8 20. Nf4 Qb5 21.
Qe2 Qxe2 22. Nxe2 e5 23. dxe5 Bf8 24. b4 Rd2 25. Bd4 Rxb4 26. Ra8 Rc4 27. Nf4
Nxd4 28. exd4 Rcxd4 29. e6 Rd8 30. Rfa1 Bc5 31. Rxd8+ Rxd8 32. Re1 fxe6 33.
Nxe6 Re8 34. Kg2 h6 35. Rc1 Rxe6 36. Rxc5 c6 37. Rc2 Kf7 38. f4 Ke7 39. g4 Re3
40. h4 Ke6 41. Rc5 Kd6 42. Rc2 c5 43. Rd2+ Kc6 44. f5 gxf5 45. gxf5 c4 46. f6
Re8 47. f7 Rf8 48. Rf2 Kd5 49. Rf5+ Kd4 50. Kf2 Ke4 51. Rf6 Kd3 52. Ke1 Kc2 53.
Rf2+ Kb3 54. Rf5 Kc2 55. Rf2+ Kc1 56. Rf5 c3 57. h5 b5 58. Rxb5 Rxf7 59. Rb6 c2
60. Rxh6 Re7+ 61. Kf2 Rc7 62. Re6 Kd2 63. Re2+ Kd3 64. Re3+ Kd4 65. Re1 c1=Q
66. Rxc1 Rxc1 67. Kf3 Ke5 68. Kg4 Rg1+ 0-1

[Event "27. Int. Liechtenstein - OPEN "]
[Site "Triesen"]
[Date "2009.05.18"]
[Round "4.13"]
[White "Hug, Marcel"]
[Black "Kobler, Mario"]
[Result "1-0"]
[WhiteElo "2300"]
[BlackElo "2096"]
[PlyCount "119"]
[EventDate "2009.05.15"]

1. e4 d5 2. exd5 Qxd5 3. Nf3 Nf6 4. d4 Bg4 5. Be2 c6 6. O-O g6 7. c4 Qd8 8. Nc3
Bg7 9. Bf4 O-O 10. Re1 Nbd7 11. h3 Bxf3 12. Bxf3 Nb6 13. Qd3 Qd7 14. a4 a5 15.
Rad1 Rfd8 16. b3 e6 17. Qe3 Ra6 18. Bg5 Nc8 19. Qf4 Qd6 20. Qh4 Ne7 21. Be4 h6
22. Bxf6 g5 23. Bxe7 Qxe7 24. Qg3 Rxd4 25. Qb8+ Qf8 26. Qxf8+ Kxf8 27. Rxd4
Bxd4 28. Ne2 Bf6 29. Rd1 Ke7 30. f4 gxf4 31. Nxf4 Bg5 32. g3 Ra8 33. Kf2 Bf6
34. Kf3 Be5 35. g4 c5 36. Rd3 Rb8 37. Ne2 Bc7 38. Ke3 Be5 39. Bf3 Bc7 40. Nc3
Bh2 41. Rd1 Be5 42. Nb5 Bh2 43. Be4 Bg3 44. Rd2 Be5 45. Kf3 h5 46. g5 h4 47.
Kg4 Bg3 48. Rd3 Rg8 49. Bxb7 f5+ 50. Kf3 e5 51. Rd5 Bf4 52. Kf2 Rxg5 53. Bc8
Bh2 54. Nc3 Rg3 55. Ne2 Rxh3 56. Bxf5 Rxb3 57. Rxc5 Rb4 58. Nc3 Kd6 59. Ne4+
Ke7 60. Rc7+ 1-0

[Event "27. Int. Liechtenstein - OPEN "]
[Site "Triesen"]
[Date "2009.05.18"]
[Round "4.14"]
[White "Habibi, Ali"]
[Black "Sarmir, Milos"]
[Result "1-0"]
[WhiteElo "2290"]
[BlackElo "2086"]
[PlyCount "155"]
[EventDate "2009.05.15"]

1. g3 d5 2. Bg2 Nf6 3. c4 c6 4. Qc2 g6 5. b3 Bg7 6. Bb2 O-O 7. Nf3 Bf5 8. d3
dxc4 9. bxc4 Ne8 10. O-O Bxb2 11. Qxb2 Qc7 12. Nc3 Nd7 13. Rab1 Rb8 14. Nd4 Ng7
15. Qa3 e5 16. Nc2 b6 17. Nb4 Qd6 18. Rb3 Rbc8 19. Qxa7 Ra8 20. Qb7 Nc5 21.
Qxc6 Qxc6 22. Nxc6 Nxb3 23. Ne7+ Kh8 24. Bxa8 Nd2 25. Rd1 Nxc4 26. Bc6 Na5 27.
Bf3 Be6 28. Rb1 Rb8 29. g4 Ne8 30. Ned5 Bxd5 31. Nxd5 b5 32. g5 Nd6 33. h4 Kg7
34. Kg2 h5 35. a4 Nc6 36. axb5 Rxb5 37. Rxb5 Nxb5 38. Nf6 Nbd4 39. Be4 Nb8 40.
e3 Nb3 41. Kf3 Nd2+ 42. Ke2 Nxe4 43. dxe4 Kf8 44. f4 Ke7 45. f5 Na6 46. Nd5+
Kd6 47. Nb6 gxf5 48. exf5 e4 49. Nc4+ Kd5 50. f6 Nc5 51. Nb6+ Ke6 52. Kf2 Nd3+
53. Kg3 Ne5 54. Na4 Kf5 55. Nb2 Ke6 56. Nd1 Ng6 57. Nf2 Kf5 58. Nh3 Ne5 59. Nf4
Nc4 60. Nd5 Ke6 61. Kf4 Nd2 62. Nc7+ Kd7 63. Nb5 Ke6 64. Nd4+ Kd7 65. Nf5 Ke8
66. Ng7+ Kf8 67. Nxh5 Nf3 68. Kg3 Kg8 69. Nf4 Kh7 70. Kg4 Ne5+ 71. Kf5 Nc4 72.
Kxe4 Nd2+ 73. Kf5 Nf1 74. Nd5 Ng3+ 75. Kg4 Ne4 76. h5 Kh8 77. Ne7 Kh7 78. Kf4
1-0

[Event "27. Int. Liechtenstein - OPEN "]
[Site "Triesen"]
[Date "2009.05.18"]
[Round "4.15"]
[White "Vilerte, Tamara"]
[Black "Bogner, Norbert"]
[Result "1-0"]
[WhiteElo "2238"]
[BlackElo "2082"]
[PlyCount "83"]
[EventDate "2009.05.15"]

1. d4 d5 2. Nf3 e6 3. Bf4 Nf6 4. e3 Bd6 5. c3 O-O 6. Bd3 b6 7. Qe2 Bb7 8. Bg5
Nbd7 9. Nbd2 Be7 10. Bxf6 Nxf6 11. Ne5 c5 12. O-O Qc7 13. Rad1 Rfd8 14. f4 g6
15. Qf3 Bf8 16. g4 Bg7 17. Rf2 Nd7 18. g5 Nf8 19. Qg4 Bc8 20. Ndf3 c4 21. Bc2
b5 22. e4 dxe4 23. Bxe4 Bb7 24. Nd2 Bxe4 25. Nxe4 Nd7 26. Re1 Re8 27. Nxd7 Qxd7
28. Nf6+ Bxf6 29. gxf6 Qd8 30. Qg5 Rb8 31. Re5 a6 32. f5 exf5 33. Rxe8+ Qxe8
34. Rxf5 Qf8 35. Re5 Qd6 36. Qf4 Rf8 37. h4 h6 38. h5 b4 39. cxb4 Rd8 40. Re8+
Kh7 41. hxg6+ Kxg6 42. Qg4+ 1-0

[Event "27. Int. Liechtenstein - OPEN "]
[Site "Triesen"]
[Date "2009.05.18"]
[Round "4.16"]
[White "Krumm, Johannes"]
[Black "Scheffknecht, Philipp"]
[Result "0-1"]
[WhiteElo "2040"]
[BlackElo "2191"]
[PlyCount "30"]
[EventDate "2009.05.15"]

1. e4 e5 2. Nf3 Nc6 3. d4 exd4 4. Nxd4 Bc5 5. Be3 Qf6 6. c3 Nge7 7. Bc4 Qg6 8.
Nxc6 Qxc6 9. Bxf7+ Kxf7 10. Qh5+ g6 11. Qxc5 Qxe4 12. O-O Qc6 13. Qd4 Re8 14.
Nd2 Nf5 15. Qf4 Kg8 0-1

[Event "27. Int. Liechtenstein - OPEN "]
[Site "Triesen"]
[Date "2009.05.18"]
[Round "4.17"]
[White "Raddatz, Michael"]
[Black "Van Heirzeele, Daniel"]
[Result "1-0"]
[WhiteElo "2018"]
[BlackElo "2177"]
[PlyCount "99"]
[EventDate "2009.05.15"]

1. e4 c5 2. Nf3 d6 3. d4 cxd4 4. Nxd4 Nf6 5. Nc3 g6 6. Bc4 Bg7 7. f3 a6 8. Bb3
Nbd7 9. Be3 Nc5 10. Bc4 Bd7 11. a4 Rc8 12. Ba2 O-O 13. O-O e6 14. Qd2 Qc7 15.
a5 Rfd8 16. Nde2 Na4 17. Nxa4 Bxa4 18. c4 Nd7 19. Rac1 Qb8 20. Qb4 Bc6 21. Rfd1
Nf6 22. Kh1 d5 23. cxd5 exd5 24. Bf4 Qa8 25. Bg5 Re8 26. Qb3 Rcd8 27. Nc3 Re5
28. Bf4 Re7 29. exd5 Be8 30. d6 Red7 31. Na4 Nh5 32. Nb6 Qb8 33. Nxd7 Rxd7 34.
Rc7 Qd8 35. Rxd7 Qxd7 36. Qc4 Bxb2 37. Bh6 Ng7 38. Bxg7 Kxg7 39. Qe4 Bf6 40.
Re1 Qa4 41. Qxe8 Qxa2 42. d7 Qxa5 43. Rd1 Bd8 44. Qe4 b5 45. Qd4+ f6 46. Ra1
Qc7 47. Rxa6 Qc1+ 48. Qg1 Qd2 49. Ra8 Bb6 50. Qxb6 1-0

[Event "27. Int. Liechtenstein - OPEN "]
[Site "Triesen"]
[Date "2009.05.18"]
[Round "4.18"]
[White "Kuhn, Thomas"]
[Black "Mertens, Klaus"]
[Result "1-0"]
[WhiteElo "2169"]
[BlackElo "2075"]
[PlyCount "79"]
[EventDate "2009.05.15"]

1. d4 Nf6 2. Nf3 e6 3. Bg5 Be7 4. Nbd2 d5 5. e3 O-O 6. Bd3 b6 7. Ne5 Bb7 8. Qf3
Nc6 9. c3 Nxe5 10. dxe5 Nd7 11. Qh3 g6 12. Bf4 Nc5 13. Bc2 Ba6 14. O-O-O Bd3
15. Qg3 Qe8 16. h4 Qb5 17. h5 Bxc2 18. Kxc2 Qd3+ 19. Kc1 Qf5 20. Nb3 Nd3+ 21.
Rxd3 Qxd3 22. hxg6 Qxg6 23. Qf3 Kh8 24. Nd4 c5 25. Rh6 Qe4 26. Qxe4 dxe4 27.
Nc6 Bd8 28. Nxd8 Rfxd8 29. Bg5 Kg7 30. Rh4 Rd7 31. Bf6+ Kg6 32. Rg4+ Kh5 33.
Rxe4 Kg6 34. Rg4+ Kh6 35. c4 a6 36. f4 Rdd8 37. Bg7+ Kh5 38. Rg5+ Kh4 39. Bf6
h5 40. Rg7# 1-0

[Event "27. Int. Liechtenstein - OPEN "]
[Site "Triesen"]
[Date "2009.05.18"]
[Round "4.19"]
[White "Nusch, Peter"]
[Black "Ballon, Guenther"]
[Result "1/2-1/2"]
[WhiteElo "1940"]
[BlackElo "2166"]
[PlyCount "38"]
[EventDate "2009.05.15"]

1. e4 e5 2. Nf3 Nc6 3. Bb5 g6 4. d4 exd4 5. Bg5 Be7 6. Bxe7 Ngxe7 7. O-O O-O 8.
Re1 d5 9. Nxd4 dxe4 10. Nxc6 Nxc6 11. Nc3 Qxd1 12. Raxd1 Bg4 13. Rd2 Rad8 14.
Rxd8 Rxd8 15. Nxe4 Nd4 16. Nf6+ Kg7 17. Nxg4 Nxb5 18. Ne3 Rd2 19. Rd1 Rxd1+
1/2-1/2

[Event "27. Int. Liechtenstein - OPEN "]
[Site "Triesen"]
[Date "2009.05.19"]
[Round "5.1"]
[White "Bogner, Sebastian"]
[Black "Hera, Imre Jr"]
[Result "0-1"]
[WhiteElo "2511"]
[BlackElo "2533"]
[PlyCount "140"]
[EventDate "2009.05.15"]

1. d4 Nf6 2. c4 e6 3. Nf3 b6 4. e3 Bb7 5. Bd3 Bb4+ 6. Bd2 Be7 7. Nc3 d5 8. cxd5
exd5 9. Qa4+ c6 10. O-O O-O 11. Ne5 c5 12. Rac1 a6 13. Bb1 Bd6 14. Qb3 Nc6 15.
Nf3 c4 16. Qd1 Re8 17. Re1 b5 18. e4 dxe4 19. Nxe4 Be7 20. Bg5 Nxe4 21. Rxe4
Bxg5 22. Rxe8+ Qxe8 23. Nxg5 h6 24. Nf3 Rd8 25. Qc2 g6 26. Qd2 Ne5 27. Nxe5
Qxe5 28. Rd1 Qg5 29. Qxg5 hxg5 30. f3 f5 31. Kf2 Kf7 32. h3 Ke6 33. Re1+ Kf6
34. Rd1 Ke6 35. Re1+ Kf6 36. Rd1 b4 37. Bc2 Bc6 38. Ke3 Re8+ 39. Kf2 Rd8 40.
Ke3 a5 41. g3 Bd5 42. Rh1 c3 43. b3 Re8+ 44. Kf2 a4 45. Ra1 a3 46. h4 gxh4 47.
gxh4 Bc6 48. Bd3 Rd8 49. Ke3 f4+ 50. Kxf4 Rxd4+ 51. Be4 Bxe4 52. fxe4 Rd2 53.
e5+ Ke6 54. Rg1 Rxa2 55. Rxg6+ Kd5 56. Rd6+ Kc5 57. Rd8 Rh2 58. e6 c2 59. Kf5
Rf2+ 60. Kg6 Re2 61. e7 Rxe7 62. Rc8+ Kd4 63. Rxc2 Kd3 64. Rc1 Ra7 65. h5 a2
66. Ra1 Kc3 67. h6 Kb2 68. h7 Rxh7 69. Rxa2+ Kxa2 70. Kxh7 Kxb3 0-1

[Event "27. Int. Liechtenstein - OPEN "]
[Site "Triesen"]
[Date "2009.05.19"]
[Round "5.2"]
[White "Hommeles, Theo"]
[Black "Van Der Weide, Karel"]
[Result "1/2-1/2"]
[WhiteElo "2415"]
[BlackElo "2497"]
[PlyCount "25"]
[EventDate "2009.05.15"]

1. e4 c5 2. Nf3 d6 3. d4 cxd4 4. Nxd4 Nf6 5. Nc3 a6 6. Be2 e5 7. Nb3 Be7 8. g4
h6 9. f4 exf4 10. Bxf4 Nc6 11. h3 Be6 12. Qd2 d5 13. O-O-O 1/2-1/2

[Event "27. Int. Liechtenstein - OPEN "]
[Site "Triesen"]
[Date "2009.05.19"]
[Round "5.3"]
[White "Farago, Ivan"]
[Black "Brestian, Egon"]
[Result "1-0"]
[WhiteElo "2491"]
[BlackElo "2392"]
[PlyCount "73"]
[EventDate "2009.05.15"]

1. d4 f5 2. g3 Nf6 3. Bg2 g6 4. c4 Bg7 5. Nc3 O-O 6. Nf3 d6 7. O-O Qe8 8. Nd5
Nxd5 9. cxd5 Nd7 10. Ng5 Nb6 11. Qc2 Qa4 12. b3 Qxd4 13. Be3 Qf6 14. Qxc7 h6
15. Ne6 Bxe6 16. dxe6 Qxe6 17. Rad1 Kh7 18. Qxb7 Rad8 19. Qxa7 Nd7 20. Bd5 Qf6
21. a4 e6 22. Bd4 Ne5 23. Bg2 f4 24. a5 d5 25. a6 Ra8 26. Qb6 Rfb8 27. Qd6 Rxb3
28. Rb1 Rxb1 29. Rxb1 Nf3+ 30. Bxf3 Qxd4 31. Qxe6 fxg3 32. hxg3 Qa4 33. Rb6 Qc2
34. Bxd5 Rf8 35. a7 Qc5 36. Qxg6+ Kh8 37. Bf3 1-0

[Event "27. Int. Liechtenstein - OPEN "]
[Site "Triesen"]
[Date "2009.05.19"]
[Round "5.4"]
[White "Popa, Claudio"]
[Black "Kohlweyer, Bernd"]
[Result "0-1"]
[WhiteElo "2218"]
[BlackElo "2435"]
[PlyCount "50"]
[EventDate "2009.05.15"]

1. e4 c5 2. c3 d5 3. exd5 Qxd5 4. d4 g6 5. Nf3 Bg7 6. dxc5 Qxc5 7. Be3 Qa5 8.
Bc4 Nf6 9. O-O O-O 10. Nbd2 Nc6 11. Qe2 Qc7 12. h3 Na5 13. Bb5 a6 14. Ba4 Nd5
15. Bd4 Bxd4 16. Nxd4 Nf4 17. Qe3 b5 18. Bd1 e5 19. N4b3 Nc4 20. Nxc4 bxc4 21.
Qc5 Qb7 22. Bf3 e4 23. Na5 Qb5 24. Qxc4 exf3 25. Qxf4 fxg2 0-1

[Event "27. Int. Liechtenstein - OPEN "]
[Site "Triesen"]
[Date "2009.05.19"]
[Round "5.5"]
[White "Poettinger, Harald"]
[Black "Siebrecht, Sebastian"]
[Result "0-1"]
[WhiteElo "2207"]
[BlackElo "2433"]
[PlyCount "76"]
[EventDate "2009.05.15"]

1. d4 Nf6 2. c4 e6 3. Nf3 c5 4. e3 Be7 5. Nc3 O-O 6. d5 exd5 7. cxd5 d6 8. Nd2
Re8 9. e4 Bf8 10. Be2 Bd7 11. a4 Na6 12. O-O Nb4 13. f3 a6 14. a5 b5 15. axb6
Qxb6 16. Nc4 Qd8 17. Bg5 h6 18. Bh4 g5 19. Bf2 Nh5 20. g3 f5 21. e5 dxe5 22. f4
Ng7 23. fxe5 Bb5 24. d6 Kh8 25. Bxc5 Bxc4 26. Bxc4 Rxe5 27. Nd5 Nc6 28. Qa4 Rc8
29. Qxa6 Nb8 30. Qa3 Nd7 31. b4 Nxc5 32. bxc5 Ne6 33. Ne7 Bxe7 34. Bxe6 Rxe6
35. dxe7 Qd4+ 36. Kh1 Rxe7 37. Rxf5 Re3 38. Qa4 Re1+ 0-1

[Event "27. Int. Liechtenstein - OPEN "]
[Site "Triesen"]
[Date "2009.05.19"]
[Round "5.6"]
[White "Habibi, Ali"]
[Black "Dgebuadze, Alexandre"]
[Result "0-1"]
[WhiteElo "2290"]
[BlackElo "2539"]
[PlyCount "64"]
[EventDate "2009.05.15"]

1. Nf3 e6 2. g3 b5 3. Bg2 Bb7 4. O-O Nf6 5. c3 a6 6. a4 b4 7. a5 Be7 8. d4 O-O
9. Nbd2 d5 10. Ne5 Nbd7 11. f4 c5 12. e3 Qc7 13. Kh1 Rac8 14. g4 cxd4 15. cxd4
Nxe5 16. dxe5 Ne4 17. Nb3 f6 18. Nd4 Nc5 19. exf6 Bxf6 20. Nf3 g6 21. Nd4 e5
22. Ne2 Qd7 23. f5 Bg7 24. Ng3 e4 25. g5 Be5 26. Bh3 Bxg3 27. hxg3 gxf5 28. Kg1
Nd3 29. Qh5 Rc2 30. g6 hxg6 31. Qxg6+ Qg7 32. Qe6+ Kh8 0-1

[Event "27. Int. Liechtenstein - OPEN "]
[Site "Triesen"]
[Date "2009.05.19"]
[Round "5.7"]
[White "Vilerte, Tamara"]
[Black "Foisor, Ovidiu-Doru"]
[Result "1/2-1/2"]
[WhiteElo "2238"]
[BlackElo "2408"]
[PlyCount "97"]
[EventDate "2009.05.15"]

1. d4 g6 2. c4 Bg7 3. Nc3 c5 4. Nf3 cxd4 5. Nxd4 Nc6 6. e3 Nf6 7. Be2 O-O 8.
O-O Rb8 9. Nc2 b6 10. Nd5 a6 11. Rb1 b5 12. b4 bxc4 13. Nxf6+ Bxf6 14. Bxc4 Na5
15. Be2 d5 16. Bb2 Bxb2 17. Rxb2 Nc4 18. Bxc4 dxc4 19. Qxd8 Rxd8 20. Nd4 Rb6
21. f4 Bf5 22. Nxf5 gxf5 23. Rc1 Rd3 24. Rxc4 Rxe3 25. Rc5 e6 26. Ra5 Re4 27.
g3 h5 28. Kf2 Rexb4 29. Rxb4 Rxb4 30. Rxa6 Rb2+ 31. Kf3 Rxh2 32. Ra8+ Kg7 33.
a4 h4 34. gxh4 Rh3+ 35. Kf2 Rxh4 36. Kg3 Rg4+ 37. Kf3 f6 38. Ra7+ Kf8 39. a5 e5
40. fxe5 fxe5 41. a6 Ra4 42. Ra8+ Kg7 43. a7 Ra3+ 44. Kf2 e4 45. Ke2 f4 46. Re8
Ra2+ 47. Kf1 Ra1+ 48. Kg2 Ra2+ 49. Kf1 1/2-1/2

[Event "27. Int. Liechtenstein - OPEN "]
[Site "Triesen"]
[Date "2009.05.19"]
[Round "5.9"]
[White "Pribyl, Josef"]
[Black "Kuhn, Thomas"]
[Result "1-0"]
[WhiteElo "2346"]
[BlackElo "2169"]
[PlyCount "59"]
[EventDate "2009.05.15"]

1. e4 e6 2. d3 d5 3. Nd2 c5 4. Ngf3 Nc6 5. g3 Bd6 6. Bg2 Nge7 7. O-O O-O 8. Re1
Qc7 9. Qe2 f6 10. c3 Bd7 11. a3 a5 12. b3 d4 13. cxd4 Nxd4 14. Nxd4 cxd4 15.
Nc4 e5 16. Bd2 Nc6 17. Rec1 Be7 18. Qe1 a4 19. b4 b5 20. Na5 Ra6 21. Ra2 Rc8
22. Rac2 Qb8 23. Bh3 Qa7 24. Be6+ Kf8 25. Bd5 Qa8 26. Qe2 g6 27. Nxc6 Bxc6 28.
Qg4 Rc7 29. Rxc6 Raxc6 30. Rxc6 1-0

[Event "27. Int. Liechtenstein - OPEN "]
[Site "Triesen"]
[Date "2009.05.19"]
[Round "5.10"]
[White "Tiemann, Christoph"]
[Black "Hug, Marcel"]
[Result "0-1"]
[WhiteElo "2083"]
[BlackElo "2300"]
[PlyCount "68"]
[EventDate "2009.05.15"]

1. Nf3 Nf6 2. c4 g6 3. Nc3 Bg7 4. e4 d6 5. d4 O-O 6. Be2 Nbd7 7. Be3 e5 8. d5
Nc5 9. Nd2 a5 10. a3 Ne8 11. b4 axb4 12. axb4 Rxa1 13. Qxa1 Na6 14. Qa3 f5 15.
O-O Bf6 16. Ba7 b6 17. Ra1 Bh4 18. Nd1 Rf7 19. c5 Nxb4 20. Qxb4 dxc5 21. Qb2
Nd6 22. f3 Qg5 23. Kh1 fxe4 24. Nxe4 Nxe4 25. fxe4 Bf2 26. Qb3 Bd4 27. Rb1 Qd2
28. Nc3 Bxc3 29. Bc4 Bh3 30. Rg1 Bxg2+ 31. Rxg2 Qe1+ 32. Rg1 Qxe4+ 33. Rg2 Rf2
34. d6+ Kg7 0-1

[Event "27. Int. Liechtenstein - OPEN "]
[Site "Triesen"]
[Date "2009.05.19"]
[Round "5.11"]
[White "Hirneise, Tobias"]
[Black "Raddatz, Michael"]
[Result "1-0"]
[WhiteElo "2407"]
[BlackElo "2018"]
[PlyCount "107"]
[EventDate "2009.05.15"]

1. d4 Nf6 2. Nf3 d6 3. c4 g6 4. Nc3 Bg7 5. e4 O-O 6. Be2 e5 7. Be3 Nbd7 8. d5
a5 9. Nd2 Ne8 10. O-O f5 11. f3 f4 12. Bf2 Bf6 13. Kh1 Bh4 14. Bg1 Qg5 15. Qc2
Ndf6 16. Rfc1 Nh5 17. Nf1 Rf6 18. Qd2 Bg3 19. Bd3 Qh4 20. Ne2 g5 21. Nexg3
Nxg3+ 22. Nxg3 fxg3 23. c5 Ng7 24. cxd6 cxd6 25. Rc7 Nh5 26. Rac1 Rf8 27. Bf1
Nf6 28. Qe1 Nh5 29. Qd2 Nf6 30. Qe1 Nh5 31. Qe3 Nf6 32. Qb6 g4 33. Qxd6 gxf3
34. Qe7 Qh6 35. gxf3 Ng4 36. fxg4 Bxg4 37. Bg2 Rf2 38. Qxe5 Rxg2 39. Qg7+ Qxg7
40. Rxg7+ Kxg7 41. Kxg2 gxh2 42. Rc7+ Kg6 43. Bxh2 Rf8 44. Re7 Bf3+ 45. Kg3 Bh1
46. Bg1 h5 47. Re6+ Kh7 48. d6 Rg8+ 49. Kh2 Bf3 50. Re7+ Kg6 51. Bb6 Kf6 52.
Bd4+ Kg5 53. d7 Kf4 54. Rg7 1-0

[Event "27. Int. Liechtenstein - OPEN "]
[Site "Triesen"]
[Date "2009.05.19"]
[Round "5.13"]
[White "Raykhman, Alexander"]
[Black "Bacholke, Michael"]
[Result "1-0"]
[WhiteElo "2297"]
[BlackElo "2090"]
[PlyCount "63"]
[EventDate "2009.05.15"]

1. d4 Nf6 2. c4 d6 3. Nc3 Nbd7 4. e4 e5 5. Nf3 c6 6. Be2 g6 7. Be3 Bg7 8. d5
Ng4 9. Bg5 f6 10. Bc1 Qb6 11. O-O c5 12. Ng5 Nxf2 13. Rxf2 fxg5 14. Bxg5 Rf8
15. Rxf8+ Nxf8 16. Qd2 Kf7 17. a3 Kg8 18. Be3 Qd8 19. b4 b6 20. Rb1 Bf6 21. Bd1
h5 22. bxc5 bxc5 23. Ba4 Ba6 24. Bc6 Rb8 25. Nb5 Nh7 26. Qc2 Qe7 27. Qa4 Bxb5
28. cxb5 Bg5 29. Bf2 Bd2 30. Rd1 Bc3 31. Bxc5 dxc5 32. d6 1-0

[Event "27. Int. Liechtenstein - OPEN "]
[Site "Triesen"]
[Date "2009.05.19"]
[Round "5.14"]
[White "Bezler, Rainer"]
[Black "Mannhart, Marcel"]
[Result "1/2-1/2"]
[WhiteElo "2281"]
[BlackElo "2140"]
[PlyCount "100"]
[EventDate "2009.05.15"]

1. e4 c6 2. d4 d5 3. Nc3 g6 4. Nf3 Bg7 5. Be2 dxe4 6. Nxe4 Nd7 7. c4 Ngf6 8.
Nc3 O-O 9. Bf4 Nh5 10. Bg5 Re8 11. O-O h6 12. Be3 Qc7 13. Qd2 Kh7 14. Rfe1 f5
15. d5 e5 16. dxe6 Ndf6 17. Bd4 Bxe6 18. Be5 Qf7 19. b3 Rad8 20. Qc2 Bf8 21.
Rad1 Ng4 22. Bd4 c5 23. Be5 Nhf6 24. Nb5 Ne4 25. Rxd8 Rxd8 26. Bc7 Re8 27. Ne5
Nxe5 28. Bxe5 Bd7 29. Bb2 a6 30. Nc7 Rc8 31. Nd5 Bc6 32. Bd3 Bxd5 33. cxd5 Qxd5
34. Bxe4 fxe4 35. Qc3 Qd4 36. Qh3 Qd2 37. Bc3 Qd8 38. Qe6 Rc7 39. Qxe4 Re7 40.
Be5 Qd2 41. f4 Bg7 42. h3 Bxe5 43. fxe5 Qd4+ 44. Qxd4 cxd4 45. Re4 d3 46. Kf2
d2 47. Ke2 Rd7 48. Kd1 Kg7 49. Re2 Kf8 50. Rxd2 Ke7 1/2-1/2

[Event "27. Int. Liechtenstein - OPEN "]
[Site "Triesen"]
[Date "2009.05.19"]
[Round "5.15"]
[White "Keller, Manfred"]
[Black "Mayr, Manfred"]
[Result "1/2-1/2"]
[WhiteElo "2202"]
[BlackElo "2080"]
[PlyCount "73"]
[EventDate "2009.05.15"]

1. e4 d6 2. d4 Nf6 3. Nc3 g6 4. Bg5 Bg7 5. e5 dxe5 6. dxe5 Ng4 7. Qxd8+ Kxd8 8.
Rd1+ Bd7 9. e6 fxe6 10. Bc4 Bxc3+ 11. bxc3 Ke8 12. Nf3 Nc6 13. O-O Na5 14. Be2
Nc6 15. Rfe1 e5 16. Bb5 h6 17. Bh4 g5 18. Bg3 Rd8 19. h3 Nf6 20. Bxc6 Bxc6 21.
Rxd8+ Kxd8 22. Nxe5 Bd5 23. c4 Bg8 24. Ng6 Rh7 25. Be5 Bxc4 26. Bd4 Nd5 27. Ne5
Ba6 28. Bxa7 Nc3 29. Re3 Ne2+ 30. Kh2 Nf4 31. g3 Nd5 32. Rf3 Nf6 33. Bc5 Nd7
34. Nd3 Ke8 35. Bb4 Bc4 36. a3 Rf7 37. Rxf7 1/2-1/2

[Event "27. Int. Liechtenstein - OPEN "]
[Site "Triesen"]
[Date "2009.05.19"]
[Round "5.16"]
[White "Klings, Peter"]
[Black "Schmidlechner, Alexander"]
[Result "1-0"]
[WhiteElo "2152"]
[BlackElo "2196"]
[PlyCount "107"]
[EventDate "2009.05.15"]

1. e4 c5 2. a3 Nc6 3. b4 cxb4 4. axb4 Nxb4 5. d4 Nc6 6. d5 Ne5 7. Qd4 d6 8. f4
Nd7 9. Rxa7 Rxa7 10. Qxa7 Qc7 11. Qa4 Ngf6 12. Be3 g6 13. Ne2 Bg7 14. Nec3 O-O
15. Nb5 Nc5 16. Qb4 Na6 17. Qd2 Nxe4 18. Nxc7 Nxd2 19. Bxa6 Nxb1 20. Bd3 Bd7
21. Nb5 Nc3 22. Nxc3 Bxc3+ 23. Kf2 b5 24. Kf3 Ra8 25. Rb1 b4 26. g4 Ra2 27. h3
Bc8 28. f5 Bb7 29. Be4 Ra3 30. Kf2 Ra5 31. Rd1 e6 32. fxe6 fxe6 33. Bb6 Ra2 34.
Ke3 exd5 35. Bd3 Ra3 36. Rb1 Ra1 37. Rxa1 Bxa1 38. Bc7 Be5 39. Ba5 Bc3 40. Bc7
Kf7 41. Bxd6 Ke6 42. Bf8 Kf6 43. Kf4 Be5+ 44. Kf3 d4+ 45. Kf2 Kg5 46. Be7+ Bf6
47. h4+ Kxh4 48. Bxf6+ Kxg4 49. Bxd4 Bd5 50. Be2+ Kf4 51. Bd1 h5 52. Bc5 h4 53.
Bxb4 g5 54. Be7 1-0